000 00552nam a2200181Ia 4500
008 240925s9999 xx 000 0 und d
020 _a70990093
082 _a516.83 SPI
100 _aSpiegel, Murray R.
245 0 _aSchaum's Outline of Theory and Problems of Vector Analysis: and an introduction to tensor analysis SI(metric) edition
250 _aNA
260 _aNew York:
_bMcGraw-Hill
_c,1981.
300 _a344p.
_bNA
_fOriginal
500 _aIncludes Index
600 _aHumanities & Natural Science
650 _aMathematics
942 _cBK
999 _c3701
_d3701